Interminable Rooms Entities - Statistics

General Stats
  • This quiz has been taken 958 times
  • The average score is 27 of 36
Answer Stats
Hint Answer % Correct
The slowest entity in the game. A-10
97%
Rebounds once. A-35
94%
From the original rooms. A-60
93%
Spawns minions, rebounds several times. A-120
88%
Checks grey lockers. A-100
87%
Comes out of paper, Checks grey lockers. A-150
87%
The fastest entity and it's pixelated. A-183
84%
A rare variant of the one above. X-10
84%
A rare variant of the one above. Has 2 Orbiting Faces. X-60
84%
Makes a quiet whisper when dissapears A-200
83%
A rare variant of the one above. X-35
83%
Comes out of a portal, spawns alot of clones. A-278
82%
Damages you if touched. A-80
81%
Damages you if you shine a flashlight. E-1
81%
Rebounds alot of times. (Removed) A-221
79%
Breaks grey lockers. A-245
79%
Spawns a random entity based on the color. A-300
76%
A red text that says "HIDE" appears when near. A-332
76%
The loudest entity. Blocks other entity's noises. A-258
75%
Throws bombs at lockers. A-350
75%
It rebounds twice through the rooms and disappear. (Removed) A-246
71%
Zooms slightly slow, killing everyone that isn't hiding. E-22
69%
A minion of the previous one. Checks blue lockers. ULB-278
69%
Another minion. Checks tables. TLAB-278
68%
Spawnkills players who are not hiding. E-142
67%
Makes a false despawning effect, its jumpscare is very unique. E-200
67%
Noclips from a wall, goes to the other side. E-42
67%
If you see it spawning, hide in a locker. Although it barely does any damage. V-5
66%
Remains stationary for a couple of seconds. E-144
65%
Once having reached the last, closed door, it will remain for a few seconds. E-60
64%
The 2nd loudest entity in the game. Shaped like an inverted % sign. V-27
62%
Pretends to despawn, killing every player who gets out of their spot. V-35
60%
Kills players that hide. Noah
59%
Increases its speed every second. V-50
59%
Jumpscares players. John
55%
A rare variant of the one above. Mario
40%
No matching quizzes found
Score Distribution
Percent of People with Each Score
Percentile by Number Answered
Your Score History
You have not taken this quiz